AQA Science Chemistry: (Record no. 268)

MARC details
000 -LEADER
fixed length control field 00597nam a22001937a 4500
005 - DATE AND TIME OF LATEST TRANSACTION
control field 20230330085327.0
008 - FIXED-LENGTH DATA ELEMENTS--GENERAL INFORMATION
fixed length control field 230330b |||||||| |||| 00| 0 eng d
020 ## - INTERNATIONAL STANDARD BOOK NUMBER
International Standard Book Number 9781408508312 (pbk)
040 ## - CATALOGING SOURCE
Original cataloging agency KMU
Transcribing agency KMU
050 ## - LIBRARY OF CONGRESS CALL NUMBER
Classification number QD 40 Sci 2014
100 ## - MAIN ENTRY--PERSONAL NAME
Personal name Scottow,John
245 ## - TITLE STATEMENT
Title AQA Science Chemistry:
Remainder of title Revision guide/
Statement of responsibility, etc. John Scottow and Lawrie Ryan
260 ## - PUBLICATION, DISTRIBUTION, ETC.
Place of publication, distribution, etc. United Kingdom:
Name of publisher, distributor, etc. Oxford University Press,
Date of publication, distribution, etc. 2014
300 ## - PHYSICAL DESCRIPTION
Extent iv,113 pages.:
Other physical details ill.;
Dimensions 23cm
500 ## - GENERAL NOTE
General note Include glossary, questions and answers.
650 ## - SUBJECT ADDED ENTRY--TOPICAL TERM
Topical term or geographic name entry element Chemistry.
700 ## - ADDED ENTRY--PERSONAL NAME
Personal name Ryan,Lawrie
Numeration Editor.
942 ## - ADDED ENTRY ELEMENTS (KOHA)
Source of classification or shelving scheme Library of Congress Classification
Koha item type Non-Fiction
Suppress in OPAC No
Holdings
Withdrawn status Lost status Source of classification or shelving scheme Damaged status Not for loan Collection Home library Current library Shelving location Date acquired Source of acquisition Total Checkouts Full call number Barcode Date last seen Date last checked out Price effective from Koha item type
    Library of Congress Classification     Non-fiction Kapasa Makasa University Kapasa Makasa University Open Access 30.03.2023 Book International Aid 4 QD 40 Sci 2014 750685 04.09.2023 22.08.2023 30.03.2023 Non-Fiction